[Event "Groningen PCA"]
[Site "Groningen"]
[Date "1993.??.??"]
[Round "4"]
[White "Lobron, Eric"]
[Black "Azmaiparashvili, Zurab"]
[Result "1-0"]
[WhiteElo "2575"]
[BlackElo "2630"]
[Annotator "Lobron,E"]
[PlyCount "43"]
[EventDate "1993.12.??"]
[EventType "swiss"]
[EventRounds "11"]
[EventCountry "NED"]
[SourceTitle "CBM 039"]
[Source "ChessBase"]
[SourceDate "1994.04.01"]
[SourceVersion "1"]
[SourceVersionDate "1994.04.01"]
[SourceQuality "1"]

1. d4 {Stohl Belov} d6 2. e4 g6 3. Nc3 Bg7 4. f4 Nc6 $6 (4... Nf6 {Stohl} 5.
Nf3 {-B09}) (4... a6 {Stohl} 5. Nf3 b5 6. Bd3 Bb7 7. O-O Nd7 8. Ne2 $5 c5 9. c3
Qb6 10. Kh1 Ngf6 11. Ng3 O-O 12. e5 Nd5 13. Bd2 dxe5 14. fxe5 c4 15. Be2 Rac8
16. a4 f5 17. exf6 exf6 18. axb5 axb5 19. b3 $36 {Illescas,M-Vokac,M/EuCup Gr7/
1993/}) 5. Bb5 $1 (5. d5 {Belov} Nd4 6. Be3 (6. Nb1 c6 7. c3 Nb5 8. Bxb5 cxb5
$10) 6... c5 7. dxc6 Nxc6 8. Nf3 Nf6 9. Be2 O-O $10) (5. Nf3 {Belov} Bg4 6. Be3
(6. Bb5 Bxf3 7. gxf3 a6 8. Bxc6+ bxc6 9. Be3 e6 10. Qd2 Nf6 $1 11. O-O-O O-O
12. f5 exf5 13. exf5 Qd7 14. fxg6 fxg6 $15 {Kozlov,V-Belov,I/Voskresensk/1993/
0,5 (41)/}) 6... Bxf3 (6... e5 {Stohl} 7. dxe5 dxe5 8. Qxd8+ Rxd8 9. Bb5 Bxf3
10. gxf3 Nge7 11. Kf2 O-O 12. Rad1 a6 13. Bc4 Nd4 $2 14. fxe5 Bxe5 15. Bg5 Ndc6
16. Nd5 Bd6 17. Bh6 $16 {Boros,D-Szirmai,E/HUN-chT/1993/}) 7. gxf3 d5 $5 (7...
e6 $132) 8. Qd2 (8. Nxd5 e6 9. Nc3 Bxd4 $15) (8. exd5 Nb4 9. Bb5+ Kf8 10. Bc4
Nf6 $15) (8. e5 e6 $15) 8... e6 9. O-O-O Nge7 10. h4 h5 11. Na4 O-O 12. c4 dxc4
13. Bxc4 Qb8 $13 {De Firmian,N-Kristiansen,J/Kobenhavn/1985/1:0 (32) Inf 39/
163/}) (5. Be3 {Stohl} Nf6 6. h3 e6 7. e5 $5 Nd5 8. Nxd5 exd5 9. Nf3 (9. Bd3
Nb4 $132) 9... Bf5 10. Bd3 Qd7 11. Bxf5 Qxf5 12. Qe2 O-O-O 13. O-O Rhe8 14. c4
dxe5 15. fxe5 h6 16. Rac1 Qe6 17. cxd5 Rxd5 $13 {Berg,K-Davies,N/Graested/1990/
}) 5... a6 {?! Stohl} (5... Nf6 6. d5 a6 7. Ba4 b5 8. Nxb5) (5... Bd7 {Belov}
6. Be3 (6. Nf3 {Stohl} a6 7. Bxc6 Bxc6 8. O-O Nh6 9. Kh1 e6 10. Be3 O-O 11. Qd2
f5 12. Ng5 Bd7 13. e5 Nf7 14. Nf3 b5 $132 (14... c5 $2 15. exd6 Nxd6 16. b3
cxd4 17. Bxd4 $16 {Galego,R-Chudleigh,N/Manila olm/1992/})) 6... Nf6 7. Nf3 O-O
8. Qd2 e6 $10) 6. Bxc6+ bxc6 7. Nf3 Bg4 $2 (7... Nf6 8. O-O O-O 9. h3 $14) (
7... f5 {Stohl} 8. e5 Nh6 9. Qe2 e6 10. Be3 O-O 11. O-O-O Bd7 12. h3 Qb8 13. g4
Qb4 14. a3 Qb7 15. g5 Nf7 16. h4 Rfb8 17. b3 c5 18. h5 $36 {Velimirovic,
D-Davies,N/Vrnjacka Banja/1991/}) 8. O-O Qb8 (8... Nf6 {Belov} 9. h3 (9. e5 $14
{Stohl}) 9... Bxf3 10. Qxf3 e6 (10... O-O 11. e5 $16) 11. f5 $16) 9. h3 $1 (9.
Rb1 c5) 9... Bxf3 10. Rxf3 Qb6 11. Be3 $1 (11. Ne2 c5 $10 (11... Nf6 {Belov}
12. Qd3 O-O $13)) 11... Qxb2 {!? Belov} (11... Nf6 $5 {Belov} 12. Bf2 O-O 13.
Qd2 $14) 12. Bf2 Qb7 (12... Qb4 13. Rb1 Qc4 14. Rb7 $36) (12... Nf6 {Belov} 13.
Rb1 Qa3 14. Nd5 Qa5 15. Be1 $18) 13. f5 $1 c5 {?! Stohl} (13... Nf6 14. e5 Nd7
15. f6 $1 (15. Rb1 {Stohl} Qc8 16. e6 fxe6 17. fxg6 hxg6 18. Qd3 $44) 15...
exf6 16. exf6 Bxf6 17. Qe2+ Kf8 (17... Kd8 18. Rxf6 Nxf6 19. Bh4 $18) 18. Rf1
Kg7 19. Be3 Rhf8 20. Qf2 $18) (13... Nh6 14. g4 $1 f6 (14... O-O $2 15. g5) 15.
Ne2 g5 16. Rb1 Qc8 17. Ng3 $16) 14. Rb1 Qc6 (14... Qc8 $5 {Belov}) 15. Nd5 Nf6
(15... gxf5 16. Rxf5 $1 e6 17. Rxf7 $3 Kxf7 18. Qh5+ Kf8 19. Rf1 exd5 20. Bh4+
Nf6 21. Bxf6 Bxf6 22. Qh6+ $1 (22. Rxf6+ Ke7 $19) 22... Ke8 (22... Kg8 $2 23.
Rxf6 Qd7 (23... Qe8 24. Qg5+) 24. Qg5+ Qg7 25. Qxd5+) 23. Qxf6 Kd7 24. Qg7+ Kc8
25. Qxh8+ Kb7 26. Rb1+ Ka7 27. Qxh7 cxd4 (27... dxe4 28. d5 $1) 28. exd5 $18) (
15... cxd4 {Belov} 16. Bxd4 $16) (15... e6 {Stohl} 16. fxe6 fxe6 17. Nf4 Qxe4 (
17... Qd7 18. d5 $18) 18. Qd2 $18) 16. c4 $1 Kf8 {?! Belov} (16... Nxe4 17. Qe2
) (16... Nd7 17. Nxe7 $1 Kxe7 18. d5 $18) (16... Nxd5 17. exd5 Qd7 18. dxc5
dxc5 (18... O-O 19. c6 Qc8 20. Rb7 Rb8 21. Qb1 $16) 19. f6 $5 (19. Bxc5 {Stohl}
O-O $16) 19... Bxf6 20. Rxf6 exf6 21. Bxc5 Kd8 22. Bd4 Qf5 23. Qb3 $18) 17. e5
$1 Nxd5 18. cxd5 Qxd5 19. f6 Bh6 (19... exf6 {Stohl} 20. exf6 Bxf6 21. Rxf6 Kg7
22. Qf3 Qxf3 23. Rxf3 c4 24. d5 $18) 20. Rfb3 Rd8 $4 (20... exf6 21. exf6 Kg8 (
21... Re8 {Belov} 22. Rb8 Qc6 (22... Qe6 23. Qg4) 23. Qe2 $1 $18) 22. Rb8+ Bf8
23. Qe2 Rxb8 (23... h6 $2 24. Qe7 Kh7 25. Rxa8 $1 Bxe7 26. Rxh8+ Kxh8 27. fxe7
$18) 24. Rxb8 Qe6 25. Qf3 d5 (25... h6 $2 26. Qa8 $18) 26. dxc5 h5 27. Rd8 Kh7
(27... c6 $2 28. Qf4 {/\ Qb8+-}) 28. Qxd5 $1 Qxd5 29. Rxd5 g5 30. Rd7 Kg6 31.
Rxc7 $18) (20... Re8 {Stohl} 21. Rb8 Qc6 22. Qf3 d5 (22... Qxf3 23. gxf3 {
/\Re8,Rb8}) 23. Rxe8+ Qxe8 24. Qxd5 cxd4 25. Bxd4 $18 {עf8,Rh8}) 21. Rb8 dxe5
22. Qf3 $1 (22. Qf3 $1 e4 (22... Qd7 23. Qa8 Ke8 24. Rxd8+ Qxd8 25. Rb8 $18)
23. Qxe4) 1-0

[Event "Minneapolis HB Global op"]
[Site "Minneapolis"]
[Date "2005.05.21"]
[Round "6"]
[White "Gonzalez, Renier"]
[Black "Benjamin, Joel"]
[Result "0-1"]
[WhiteElo "2483"]
[BlackElo "2563"]
[Annotator "Lukacs,P"]
[PlyCount "60"]
[EventDate "2005.05.18"]
[EventType "swiss"]
[EventRounds "9"]
[EventCountry "USA"]
[SourceTitle "CBM 107"]
[Source "ChessBase"]
[SourceDate "2005.08.01"]
[SourceVersion "1"]
[SourceVersionDate "2005.08.01"]
[SourceQuality "1"]

1. e4 {Erenburg} c6 2. d4 d5 3. e5 g6 {This is not the best reaction here, it
is against the spirit of Caro Kann. The B on g7 is walled up, and Black can
attack White's P [+] only via f7-f6.} 4. c3 (4. c4 $142 {White immediately
grabs the |^ in the [+].} Bg7 5. Nc3 Nh6 (5... e6 $6 {closes the /^ for the c8
B, therefore it is completely against the principles.} 6. Nf3 Ne7 7. Be2 Nd7 8.
O-O O-O 9. Bf4 h6 10. h4 dxc4 11. Bxc4 b6 12. Ne4 Nf5 13. h5 g5 14. Nfxg5 $1
hxg5 15. Bxg5 $40 {Sax-Colombo, Italy 1995}) (5... Be6 {is again sophysticated.
} 6. Qb3 (6. cxd5 {is also interesting, because Black cannot blockade >< d5 by
the N.} Bxd5 7. Nge2 Nh6 8. Nxd5 Qxd5 9. Nc3 Qd7 10. Bc4 Nf5 11. Be3 b5 12. Bb3
Na6 13. O-O O-O 14. a4 b4 15. Ne4 Rad8 16. Ng5 Nc7 17. Qf3 Nd5 18. Qe4 e6 19.
Rad1 $16 {F.Olafsson-Cardoso, Las Palmas 1975}) 6... Qd7 7. Nf3 Nh6 8. Bf4 O-O
9. Rd1 {waiting with the development of the f1 B in order to take back on c4
without losing a tempo.} Rd8 10. h3 dxc4 {White has won the fight for the
tempo.} 11. Bxc4 Bd5 12. Nxd5 cxd5 13. Bb5 Qf5 14. Qe3 Qe4 15. O-O Qxe3 16.
fxe3 Nc6 17. Rc1 Rdc8 18. Rc5 $16 {Zhu Chen-Danielian, Linares 1998}) (5...
dxc4 {helps only for White to finish his development quickly.} 6. Bxc4 Nh6 7.
h3 Nf5 8. Nf3 b5 9. Bb3 h5 10. Ne4 Na6 11. Neg5 e6 12. a4 b4 13. Ne4 {
exploiting the weaknesses of the dark squares.} Qa5 14. Bg5 $18 {Hort-Cardoso,
Las Palmas 1975}) 6. h3 {against Bg4} (6. Nf3 O-O 7. h3 {- 6.h3}) 6... O-O 7.
Nf3 f6 (7... dxc4 {is again illogical, Black has to keep the [+] closed
because of his passive pieces.} 8. Bxc4 b5 (8... Kh8 {/\ f6} 9. O-O Nd7 10. Bf4
f6 11. Qd2 {White wants to keep his stronghold on e5. Exchanges on f6 would
have given Black more space.} g5 12. exf6 {Now Black has seriously weakened
his >>.} exf6 {He cannot take back with a piece because of >< g5.} 13. Bh2 Nb6
14. Bb3 Bf5 15. Rfe1 $16 {P.Balogh-Frindt, SVK 1997}) 9. Bb3 b4 10. Ne4 a5 11.
O-O Ba6 12. Re1 Bb5 13. a4 bxa3 14. Rxa3 $14 {Belakovskaja-Danielian,
Simferopol 1992}) 8. Be2 (8. exf6 {gives Black more freedom.} exf6 9. Be2 Be6
10. Qb3 Qd7 11. O-O dxc4 12. Bxc4 Bxc4 13. Qxc4+ Qf7 14. Qd3 Na6 15. Bxh6 Bxh6
16. a3 Qb3 17. Rfe1 Nc7 18. Nd2 Bxd2 19. Qxd2 Rae8 $11 {J.Pinter-Okhotnik,
HUN-chT 1999}) 8... Nf7 (8... Be6 9. Qb3 $142 {keeping the tension in the [+].}
(9. cxd5 cxd5 (9... Bxd5 $5 10. Nxd5 cxd5 (10... Qxd5 11. Qc2 $14) 11. Qb3 Qd7
$11) 10. exf6 exf6 11. O-O Nc6 {Now the [+] is symmetrical, White has lost a
lot of space.} 12. Re1 Re8 13. Bb5 Rc8 14. Na4 Bf7 15. Rxe8+ Qxe8 16. Nc5 Qe7
$11 {Sakhatova-Danielian, Moscow 1994})) 9. exf6 exf6 10. O-O Be6 11. Qb3 $14 {
White keeps the options of cxd5 and c4-c5 open, Short-Spassky, Zuerich 2001
CBM 083.}) 4... Bg7 {Erenburg: 'Usually black doesn't hurry with this move.
More popular is not to define immediately the position of the bishop:'} (4...
h5 {Erenburg Black prepares to realize typical plan for such type of
positions- to transfer the knight from g8 to f5.} 5. h3 {White prevents the
exchange of black's light-squared bishop, which is usually passive in this
variation.} (5. Nf3 Bg4) 5... Nh6 6. Nf3 Nf5 7. g3 {White doesn't allow black
to "freeze" the kingside with h5-h4. This move saves option for white to
provide at comfortable moment the breakthrough g3-g4.} Qb6 8. Bg2 a5 {White's
space advantage is quite big, especially on the king side. Black cannot allow
to give up on the space on the queenside as well.} 9. O-O e6 {Now we
understand the importance of the white's 5-th move. Black's light-squared
bishop is absolutely out of the game.} 10. Na3 {In the positions, with the
"french" pawn structure, it is typical idea to transfer the knight to c2 via
a3, from where it supports the d4 pawn, as well as it can occupy this
stronghold in the future.} c5 {Black is liberating the c6 square for his
knight, at the same time, he gets the option to transfer his passive
light-squared bishop to the diagonal a6-f1.} ({Very bad is} 10... Bxa3 11. bxa3
{and white is going to take control over the dark squares in the black camp.})
11. Nc2 $13 {1-0 Minasian,A-Kretchetov,A/Los Angeles 2003/CBM 97_01/[Erenburg]
(43)}) 5. f4 {White builds up a massive wall against the fianchettoed B. In
comparision to the B15 Gurgenidze Variation the P is better on c3 than the N.}
Nh6 {Erenburg: 'Black decides not to freeze the kingside by h7-h5, but he
chooses the plan of attacking white's centre with f7-f6.'} (5... h5 $5 {
is the typical blockading idea fighting for f5 and g4.} 6. Be3 (6. Nf3 Bg4 (
6... Nh6) 7. Be3 {Erenburg} Nh6 8. Nbd2 e6 9. h3 Bxf3 10. Nxf3 Nf5 11. Bf2 Nd7
12. Bd3 Qb6 13. Qd2 c5 14. O-O Bf8 15. Rfc1 c4 16. Be2 Qd8 17. g4 $36 {1-0
Psakhis,L-Danner,G/Hartberg 1991/EXT 97 (51)}) 6... Nh6 7. h3 Nf5 8. Bf2 h4 9.
Nf3) 6. Nf3 f6 {Erenburg: 'The kingside knight will be transfered to f7.'} 7.
Be2 O-O {Erenburg: 'According to my database, this continuation is new.'} 8.
O-O a5 {looks a bit sophysticated.  Erenburg: 'Black prevents white's b2-b4,
that could increase white's space advantage still more.'} (8... Bg4 9. Na3 {
Erenburg} Nf5 10. Nc2 Nd7 11. Qe1 fxe5 12. fxe5 Bxf3 13. Bxf3 e6 14. Ne3 Qb6
15. Rb1 Rf7 16. Nxf5 Rxf5 17. Be3 Raf8 18. Qd2 R8f7 19. Bg4 Rxf1+ 20. Rxf1
Rxf1+ 21. Kxf1 $14 {1/2-1/2 Fernando,D-Silva,F/Maceira 1997/EXT 99 (48)}) 9. h3
{Erenburg: 'covering the g4 square.'} (9. c4 $5 {/\ Nc3 may show the dark side
of 8...a5.}) 9... Na6 {Erenburg: 'Black suffers from lack of space, but he
succeeds to find a good position for his queenside knight.'} (9... Nf5 {
Erenburg} 10. Qe1 $1 {[%cal Yg2g4]}) 10. g4 {Erenburg: 'covering the f5 square,
that make possible to develop the dark-squared bishop to e3.'} (10. Re1 Nf5 11.
Bd3) 10... Nc7 11. Be3 Nf7 12. a4 $6 {Erenburg: 'limitting black's
possibilities on the queenside.'} (12. Nbd2 $5 {was the logical way to finish
the development.}) 12... fxe5 13. fxe5 ({Erenburg: Worse is} 13. dxe5 $5 {
deserved serious attention.} g5 {'!' Erenburg.} 14. f5 (14. fxg5 {Erenburg}
Nxe5 15. Nxe5 Bxe5 $132) 14... Nxe5 15. Nxe5 Bxe5 16. Bxg5 $13) 13... Bh6 $1 {
coming out of passivity.  Erenburg: 'Black suffers from lack of space,
therefore, it plays in his hands to change pieces. Moreover, white's
dark-squared bishop is extremely important in such type of structures.'} 14.
Qd2 (14. g5 {gains space but seriously weakens >< f5.} Bg7 15. Kg2 c5 $132) ({
If white avoids the trade of the bishops} 14. Bf2 {Erenburg , black can occupy
an important f4 square with the knight:} Ne6 $15 {[%cal Ye6f4]}) 14... Bxe3+
15. Qxe3 Ne6 16. Nbd2 Qb6 {'=' Erenburg. Erenburg: 'In spite of white's space
advantage, black has consolidated his pieces.'} 17. b3 Bd7 ({Better was to
attack immediately white's centre, that would prevent white's c3-c4.} 17... c5
{Erenburg} 18. dxc5 $5 Qxc5 19. Qxc5 Nxc5 20. Rad1 $13) 18. c4 (18. Rf2 c5 (
18... Rac8 19. c4 $1 $14 (19. Bf1 c5)) 19. dxc5 (19. Raf1 Rac8) 19... Qxc5 20.
Qxc5 Nxc5 21. Rd1 Ne6 22. Bf1 Rac8 $13) 18... Rae8 {looks rather useless.} (
18... g5 $5 {fighting for the control of the dark squares.} 19. Kh2 (19. Rf2
Nf4 20. Bf1 h6) 19... h6 $132) 19. Rf2 (19. Bd3 Nfd8 $13) 19... Nfd8 (19... g5
$5 {was again interesting.} 20. Raf1 h6 21. Bd3 Nf4 {The N is very annoying on
f4.} 22. Ne1 Nd8 23. c5 Qc7 24. Ng2 $13) 20. c5 $6 {'?' Erenburg. Erenburg:
'Missing a better opportunity:'} (20. Raf1 {was the logical continuation of
the previous plan.} Rf4 21. Bd3 Ref8 22. Kg2 Qb4 23. Bc2 R4f7 24. Ne1 $11) (20.
Qc3 $142 {[%cal Yc4c5] Erenburg It was important to cover the b4 square:} Nf4 (
20... c5 21. cxd5 cxd4 (21... Nxd4 22. e6 Bc8 23. Rc1 $16) 22. Nc4 $1 Qc5 23.
Qxa5 $16) 21. Bf1 Nde6 22. c5 Qc7 23. b4 $14) 20... Qb4 {'!' Erenburg.
Erenburg: 'neutralizing white's initiative on the queenside, and, at the same
time, creating a pressure on white's central pawns.'} 21. Rd1 Rf4 {The
weakness of >< f4 begins to tell.} (21... Nf4 {Erenburg} 22. Bf1 {[%cal Yf3e1]}
) 22. Nf1 $142 (22. Rdf1 Ref8 23. Kg2 b6 $1 (23... Nf7 24. Kg3 b6 $1 25. cxb6
Qxb6 26. Bd3 Qb4 $17) 24. cxb6 Qxb6 25. Bd3 Qb4 $17 {/\ c5}) 22... Re4 (22...
Ref8 23. Ng3 b6 $1 $132) 23. Qd2 Rf8 (23... Nf4 $5 $17) (23... Qxb3 {Erenburg
For a human player it is not easy to take such a pawn... But, Fritz easily
proves that black's queen is out of danger:} 24. Bd3 Rf4 25. Bc2 (25. Rb1 Qxa4
26. Bc2 Qa3 27. Rb3 Qa1 28. Rb1 Qa2 29. Qe3 (29. Qd1 Ref8 30. Bb3 Qa3 31. Ra2
Qxa2 32. Bxa2 Rxf3 $19 {[%cal Yf3f4]}) 29... Ref8 30. Bxg6 Rxf3 31. Rxa2 Rxe3
32. Nxe3 hxg6 $19) 25... Qb4 26. Qxb4 (26. Qe3 Ref8 $15 {[%cal Yb7b6]}) 26...
axb4 27. Ng3 {[%cal Yg3e2]} Ref8 28. Rdf1 Rxf3 29. Rxf3 Rxf3 30. Rxf3 Nxd4 31.
Rf2 N8e6 $19 {[%cal Ye6c5]}) 24. Ng3 (24. Qxb4 $6 axb4 25. N1d2 Ref4 $17 {
and the _|_ is better for Black because of >< d4 and f4, the white B is also
passive.} (25... Re3 26. a5 Nf4 27. Bf1 Nde6)) 24... Qxd2 25. Rxd2 Ref4 ({
Interesting alternative was:} 25... Re3 {Erenburg} 26. Bd1 (26. Rd3 Rxd3 27.
Bxd3 Rxf3 28. Rxf3 Nxd4 29. Re3 Nxb3 30. Bxg6 Nxc5 31. Bc2 b5 $15) 26... Nf4
27. Kh2 Nd3 28. Rf1 Ne6 $13) 26. Rf1 (26. Bd1 $5 R4f7 $15 (26... Nf7 $2 27. Ne2
Re4 28. Bc2)) 26... Nf7 $1 27. Rdd1 $2 {'??' Erenburg. Erenburg: 'After this
move, white's pawns collapse...'} ({Erenburg: Much better was to protect the
h3 pawn:} 27. Kg2 {was the persistant defence, for example:} h6 $15 (27... Nfg5
{'\/' Erenburg.} 28. Nxg5 Nxg5 29. Rxf4 Rxf4 30. Bd1 h5 (30... Ne6 31. Ne2 {
'+/=' Erenburg.}) 31. Ne2 Rf7 32. Ng1 $11)) 27... Nfg5 $19 {And White
collapses soon, he has got too many weaknesses. Erenburg: 'changing the key
defender of white's position. Now white isn't able to save his central d4 pawn.
'} 28. Nxg5 Nxg5 29. Kg2 (29. Rxf4 {Erenburg} Rxf4 {[%cal Yg5e6]} 30. Bf1 Rxd4
$19) 29... Ne6 $1 30. Rxf4 Rxf4 {Erenburg: 'All white's pawns are collapsed...'
} 0-1

[Event "EU-ch 12th"]
[Site "Aix les Bains"]
[Date "2011.04.01"]
[Round "10"]
[White "Roser, Kevin"]
[Black "Chatalbashev, Boris"]
[Result "0-1"]
[WhiteElo "2423"]
[BlackElo "2602"]
[Annotator "Marchand,A/Primel,D"]
[PlyCount "68"]
[EventDate "2011.03.22"]
[EventType "swiss"]
[EventRounds "11"]
[EventCountry "FRA"]
[SourceTitle "CBM 142 Extra"]
[Source "ChessBase"]
[SourceDate "2011.06.27"]
[SourceVersion "1"]
[SourceVersionDate "2011.06.27"]
[SourceQuality "1"]

1. e4 {A.MARCHAND: Kevin ROSER (avec les B, table 54) affrontera demain le GMI
Bulgare Boris CHATALBASHEV (2602- 81e Elo au départ) Celui-ci est âgé de 37
ans, MI а 21 ans, GMI а 23 ans, 5e joueur de son pays, elo maxi atteint : 2613
en 2010 Ce qui est dommage encore une fois, c'est qu'à quelques tables près on
ne peut suivre en direct les exploits de Kevin (le 50 premières tables
seulement) Au classement après la 9e ronde, Kevin est classé 103e avec 5,5 pts
sur 9 !!} g6 2. d4 Bg7 3. Nc3 d6 4. Be3 a6 (4... Nf6) (4... c6) 5. Qd2 (5. a4
$5 Nf6 6. f3 O-O 7. g4 c5 8. d5 Qa5 9. Ra3 Nbd7 10. h4 Ne5 11. Be2 Bxg4 $13 {
Nepomniachtchi,I (2720)-Kramnik,V (2791) Wch Blitz 5th 2010 (20) 1-0} (11... h5
)) 5... Nd7 $5 {Un ordre de coups astucieux retardant le coup naturel Ngf6
afin d'éviter non seulement Bh6 mais aussi la marée de P f3g4g5} (5... Nf6 6.
f3 O-O 7. Bh6 $36) (5... b5 6. a4 b4 7. Nd1 a5 8. c3) 6. f3 (6. Nf3) 6... b5 7.
a4 {Peut-être trop lent} (7. O-O-O Ngf6 8. h4 (8. g4 h6 9. h4 Nb6) 8... Bb7 9.
g4 h5 10. g5 Nh7 11. d5 $14 {[%csl Rb7]}) (7. g4) (7. Nge2 Bb7) 7... b4 8. Nd1
c5 (8... a5 {RR} 9. c3 bxc3 10. Nxc3 ({RR} 10. bxc3 e6 11. Bd3 Nb6 12. Nb2 Ne7
13. Ne2 Bd7 14. O-O O-O 15. c4 Nc6 16. c5 dxc5 17. dxc5 Nc8 18. Bb5 N8a7 19.
Rad1 Qb8 20. Bxc6 Bxc6 21. Bd4 e5 22. Bc3 Bb7 23. Nc4 Nc6 24. Nxa5 Nxa5 {
Roser,K (2302)-Nevednichy,V (2589)/Selestat 2000/0-1 (36)}) 10... c6 11. Rc1
Ngf6 12. Bd3 O-O 13. Nge2 Ba6 14. O-O Qb8 15. h3 Bxd3 16. Qxd3 Qb7 17. Rc2 Rfc8
18. Rfc1 Ne8 19. f4 Nc7 20. e5 Na6 21. Qe4 Nb4 22. Rd2 Nb6 23. b3 N6d5 {
Gelashvili,T (2506)-Istratescu,A (2598)/Korinthos 2001/1/2-1/2 (42)}) 9. c3
bxc3 10. bxc3 Rb8 11. a5 Qc7 12. Nb2 $6 $146 {[%csl Rb2]} (12. Ra4 $142 e6 13.
Nh3 {Bezold,M (2532)-Thiede,L (2442) Bundesliga 0405 2004 (15.5) 1-0}) (12. Nh3
e6 13. Nhf2 $11 {Middelburg,T (2328)-Zlochevskij,A (2450) Porto San Giorgio op
12th 2000 (7) 0-1}) 12... Ngf6 13. Bd3 $6 (13. Nc4 $142 {La dernière chance
pour justifier la nouveauté Nb2 car après d5, l'ouverture tourne mal pour les
Blancs.} d5 14. Bf4 Qa7) (13. Nh3 O-O 14. Nc4) 13... d5 $1 {[%csl Rb2]} 14. e5
cxd4 15. cxd4 Nxe5 $1 16. Rc1 $8 Nxd3+ {[%csl Rb2,Re3] L'intérêt n'est pas
seulement de gagner la paire de B mais surtout de laisser les Blancs avec un
mauvais B.} 17. Nxd3 Qd8 18. Ne2 O-O 19. O-O Ne8 20. Ne5 Bd7 21. Nf4 (21. Nc3)
21... Bb5 22. Nfd3 Nd6 23. Bf4 (23. Rfe1) 23... Nc4 $36 24. Nxc4 dxc4 25. Ne5
Qd5 (25... c3) 26. Rfd1 Rfd8 27. Qb4 g5 $1 28. Bg3 Rbc8 29. Qxe7 c3 $40 30. Qa3
$2 (30. Qb4) 30... Be2 31. Re1 Qxd4+ 32. Kh1 Bxe5 33. Rxe2 Bxg3 34. hxg3 Rc6
0-1

[Event "EU-ch 12th"]
[Site "Aix les Bains"]
[Date "2011.03.28"]
[Round "7"]
[White "Stevic, Hrvoje"]
[Black "Nepomniachtchi, Ian"]
[Result "0-1"]
[WhiteElo "2611"]
[BlackElo "2729"]
[Annotator "Marchand,A/Primel,D"]
[PlyCount "104"]
[EventDate "2011.03.22"]
[EventType "swiss"]
[EventRounds "11"]
[EventCountry "FRA"]
[SourceTitle "CBM 142 Extra"]
[Source "ChessBase"]
[SourceDate "2011.06.27"]
[SourceVersion "1"]
[SourceVersionDate "2011.06.27"]
[SourceQuality "1"]
[TimeControl "40/5400+30:1800+30"]

1. e4 g6 2. d4 Bg7 3. Nc3 d6 4. Nf3 a6 5. Be2 b5 6. a4 b4 7. Nd5 a5 8. c3 e6 9.
Ne3 Ne7 $146 ({RR} 9... Bb7 10. Qc2 Nf6 11. e5 Nd5 12. Ng4 h6 13. c4 Ne7 14.
O-O Nd7 15. Bf4 Nf5 16. Rad1 g5 17. Bc1 dxe5 18. d5 Qe7 19. Bd3 Nd4 20. Nxd4
exd4 21. dxe6 fxe6 22. Bg6+ Kd8 23. f4 h5 24. Nf2 {Fressinet,L (2501)-Vaisman,
V (2385)/Cannes 2000/CBM 076/1-0 (34)}) 10. O-O Bb7 11. e5 (11. Qc2 $5 {
[%cal Gc2e4]} O-O 12. Rd1 Nd7 (12... c5 13. dxc5) 13. Ng4 f5 14. Ng5 $1 fxg4
15. Nxe6 Qc8 16. Nxf8 Nxf8 17. Bg5 $32) 11... dxe5 12. dxe5 Qxd1 13. Rxd1 Nd5
14. Bb5+ (14. Nxd5 Bxd5 15. cxb4 axb4 16. a5 $14 {[%csl Ga5]}) 14... c6 15. Bf1
(15. Nxd5 {[%cal Gd5c7]} exd5 16. Bd3) 15... Nd7 16. Nc4 {[%csl Rb7,Re8][%cal
Gc4d6]} O-O 17. Nd6 (17. cxb4 axb4 18. a5 Ba6 19. Bg5 Bxc4 20. Bxc4 Nxe5 21.
Nxe5 Bxe5 22. Rd2 $44 {[%csl Ga5,Gc4,Gg5]}) 17... bxc3 18. bxc3 Ba6 19. Bxa6
Rxa6 20. Nc4 Rb8 21. Bd2 Nc5 22. Rdb1 Rxb1+ 23. Rxb1 Ra8 24. g3 Bf8 (24... Nxa4
$15 {[%csl Ga5][%cal Ga5a1]}) 25. Nd4 Nxa4 26. Ra1 Ndb6 (26... Naxc3 27. Rxa5
Rxa5 28. Nxa5 c5) 27. Nb3 $6 Nxc4 28. Rxa4 Nxe5 29. Kg2 Rb8 30. Nxa5 Ra8 $1 {
[%csl Ra4]} 31. c4 Bc5 32. Bc3 Nd3 33. Ra1 Nxf2 34. Nxc6 Rxa1 35. Bxa1 Ng4 36.
Ne5 Nxe5 37. Bxe5 f5 38. Kf3 Kf7 39. h4 Ke7 40. g4 Bd6 41. Bc3 h5 42. gxh5 gxh5
43. Be1 e5 44. Ke3 Kd7 45. Bc3 Ke6 46. Be1 Be7 47. Kf3 Bf6 48. Ke3 Kd6 49. Kd3
Bd8 50. Bb4+ Ke6 51. Be1 Bb6 52. Ke2 f4 0-1